Library Banner

Business statistics in practice (Record no. 38928)

MARC details
000 -LEADER
fixed length control field 00515nam a2200193Ia 4500
001 - CONTROL NUMBER
control field 39623
008 - FIXED-LENGTH DATA ELEMENTS--GENERAL INFORMATION
fixed length control field 140423s9999 xx 000 0 und d
020 ## - INTERNATIONAL STANDARD BOOK NUMBER
International Standard Book Number 9780071261180
040 ## - CATALOGING SOURCE
Transcribing agency PK-LaUMT
082 ## - DEWEY DECIMAL CLASSIFICATION NUMBER
Classification number 519.502465
Item number BOW-B
100 ## - MAIN ENTRY--PERSONAL NAME
Personal name Bowerman, Bruce L.
245 ## - TITLE STATEMENT
Title Business statistics in practice
Statement of responsibility, etc Bowerman, Bruce L.<>O'Connell, Richard T.
250 ## - EDITION STATEMENT
Edition statement 4th
260 ## - PUBLICATION, DISTRIBUTION, ETC. (IMPRINT)
Place of publication, distribution, etc New York,USA:
Name of publisher, distributor, etc McGraw-Hill,
Date of publication, distribution, etc 2007
300 ## - PHYSICAL DESCRIPTION
Extent 881 p.
Accompanying material CD
546 ## - LANGUAGE NOTE
Language note EN
700 ## - ADDED ENTRY--PERSONAL NAME
Personal name O'Connell, Richard T.
942 ## - ADDED ENTRY ELEMENTS (KOHA)
Koha item type Books
Holdings
Withdrawn status Lost status Damaged status Not for loan Home library Current library Date acquired Total Checkouts Full call number Barcode Date last seen Date checked out Price effective from Koha item type
        UMT Main Campus UMT Main Campus 2014-04-23 4 519.502465 BOW-B 42341 2017-05-04 2017-04-19 2014-05-05 Books